000 01588nam a2200373 a 4500
001 63936
003 BD-RjUL
005 20211209081244.0
008 170205s2005 nyub b 001 0 eng d
020 _a9780333754351
020 _a0333754352
020 _a9780333754368 (pbk.)
020 _a0333754360 (pbk.)
035 _a(BD-RjUL)64066
040 _aDLC
_cDLC
_dDLC
_beng
041 _aeng
082 0 0 _a946.081
_222
_bROS 2005
100 1 _aRomero Salvadó, Francisco J.,
_d1960-
_9189850
245 1 4 _aThe Spanish Civil War :
_borigins, course, and outcomes /
_cFrancisco J. Romero Salvadó.
260 _aHoundmills, Basingstoke, Hampshire ;
_aNew York :
_bPalgrave Macmillan,
_c2005.
300 _axxv, 268 p. :
_bill. ;
_c23 cm.
490 1 _aTwentieth century wars
504 _aIncludes bibliographical references and index.
651 0 _aSpain
_xHistory
_yCivil War, 1936-1939.
_9178230
830 0 _aTwentieth-century wars.
_9189851
856 4 2 _3Contributor biographical information
_uhttp://www.loc.gov/catdir/enhancements/fy0625/2005050866-b.html
856 4 2 _3Publisher description
_uhttp://www.loc.gov/catdir/enhancements/fy0625/2005050866-d.html
856 4 1 _3Table of contents only
_uhttp://www.loc.gov/catdir/enhancements/fy0625/2005050866-t.html
856 4 2 _3Book review (H-Net)
_uhttp://www.h-net.org/reviews/showrev.php?id=23160
856 4 2 _3Book review (H-Net)
_uhttp://www.h-net.org/reviews/showrev.php?id=23161
856 4 2 _3Book review (H-Net)
_uhttp://www.h-net.org/reviews/showrev.php?id=23162
942 _2ddc
_cBK
999 _c63936
_d63936